000 00993cab a22001935a 4500
001 L145060
008 080904s2008 xxk f 000 0 eng d
035 _a(Sirsi) u145060
041 0 _aeng
100 1 _aGanguli, J.
245 0 0 _aMall development and operations
_ban Indian perspective
260 _c2008
490 _aJournal of Retail and Leisure Property
_v7(3) 2008, 204-215(12)
520 _aLooks at the growth of organised retail in India and states that the development of malls is a key factor. Study discusses analytical and financial factors to consider in the development of mall properties and makes use of interviews and secondary data in making recommendations. Investigates financing; revenue and expenditure and makes suggestions in relation to landlord and tenant relationships within malls.
590 _aKA
651 4 _aAsia Pacific
690 _aPROPERTY-COMMERCIAL PROPERTY-RETAIL PROPERTY-OUT OF TOWN RETAIL PROPERTY-OUT OF TOWN RETAIL FACILITIES
942 _n0
999 _c80692
_d80692